1443 1998 1034 1429 1192 1405 1262 1147 1310 1749 1673 1836 1235 1582 1992 1581 1708 1573 1273 1435 1143 1791 1526 1642 1623 1949 1023 1275 1995 1400 1957 1421 1559 1406 1996 1298 1681 1544 1026 1044 1578 1946 1777 1860 1078 1758 1241 1699 1172 1633 1947 1306 1019 1835 1036 1696 1872 1215 1863 1421 1336 1976 1357 1377 1781 1697 1942 1354 1854 1007 1067 1505 1345 1589 1796 1148 1188 1709 1799 1075 1096 1306 1776 1998 1850 1520 1709 1858 1745 1262 1456 1672 1534 1190 1466 1914 1038 1599 1881 BCNSPRNW ULIB Ver.6.0+V

เปลี่ยนเป็นภาษาไทย

Change to English
 แสดงรายละเอียดบรรณานุกรม
  กลับหน้าหลัก

Brief Record : Get Marc (ISO 2709) : E-mail record : QR code < ปิดหน้าต่าง
LEADER : 00000nam 2200000uu 4500
001    13399124602
003     ULIB
008    151016s2558||||th 000 0 tha d
050  4 LB1027^bส181ด
110 1  สถาบันพระบรมราชชนก สำนักงานปลัดกระทรวงสาธารณสุข
245 00 Didactic Strategies: lead by example/^c สถาบันพระบรมราชชนก สำนักงานปลัดกระทรวงสาธารณสุข
260    นนทบุรี:^bสถาบันพระบรมราชชนก สำนักงานปลัดกระทรวงสาธารณสุ-,^c2558
300    142 หน้า
650  0 Didactic Strategies
650  0 การออกแบบการสอน
945    ^p0^l0^i000128
945    ^p0^l0^i000129
945    ^p0^l0^i000130
945    ^p0^l0^i000131
945    ^p0^l0^i000132
945    ^p0^l0^i000133
945    ^p0^l0^i000134
945    ^p0^l0^i000135
945    ^p0^l0^i000136
945    ^p0^l0^i000137
999    ^aเกษร โพธิ์สุวรรณ
รายการนี้ยังไม่มีแท็ก
คุณยังไม่ได้ล็อกอิน คุณสามารถมีกิจกรรมร่วมกับเว็บไซต์ได้ แต่ต้องล็อกอินก่อน ::
  ล็อกอิน

รายการสื่อสารสนเทศ

ลำดับที่ ประเภท เลขเรียก/บาร์โค้ด สถานที่ สถานะ
1. การศึกษาทั่วไป
หนังสือสำรอง
สถานะ=หนังสือสำรอง
LB1027 ส181ด ฉ.1 
  Barcode: 000128
ห้องสมุดวิทยาเขตสวรรค์ประชารักษ์
►หนังสือทั่วไป
บนชั้น
2. การศึกษาทั่วไป
การศึกษาทั่วไป
LB1027 ส181ด ฉ.10 
  Barcode: 000137
ห้องสมุดวิทยาเขตสวรรค์ประชารักษ์
►หนังสือทั่วไป
บนชั้น
3. การศึกษาทั่วไป
การศึกษาทั่วไป
LB1027 ส181ด ฉ.2 
  Barcode: 000129
ห้องสมุดวิทยาเขตสวรรค์ประชารักษ์
►หนังสือทั่วไป
บนชั้น
4. การศึกษาทั่วไป
การศึกษาทั่วไป
LB1027 ส181ด ฉ.3 
  Barcode: 000130
ห้องสมุดวิทยาเขตสวรรค์ประชารักษ์
►หนังสือทั่วไป
บนชั้น
5. การศึกษาทั่วไป
การศึกษาทั่วไป
LB1027 ส181ด ฉ.4 
  Barcode: 000131
ห้องสมุดวิทยาเขตสวรรค์ประชารักษ์
►หนังสือทั่วไป
บนชั้น
6. การศึกษาทั่วไป
การศึกษาทั่วไป
LB1027 ส181ด ฉ.5 
  Barcode: 000132
ห้องสมุดวิทยาเขตสวรรค์ประชารักษ์
►หนังสือทั่วไป
บนชั้น
7. การศึกษาทั่วไป
การศึกษาทั่วไป
LB1027 ส181ด ฉ.6 
  Barcode: 000133
ห้องสมุดวิทยาเขตสวรรค์ประชารักษ์
►หนังสือทั่วไป
บนชั้น
8. การศึกษาทั่วไป
การศึกษาทั่วไป
LB1027 ส181ด ฉ.7 
  Barcode: 000134
ห้องสมุดวิทยาเขตสวรรค์ประชารักษ์
►หนังสือทั่วไป
บนชั้น
9. การศึกษาทั่วไป
การศึกษาทั่วไป
LB1027 ส181ด ฉ.8 
  Barcode: 000135
ห้องสมุดวิทยาเขตสวรรค์ประชารักษ์
►หนังสือทั่วไป
บนชั้น
10. การศึกษาทั่วไป
การศึกษาทั่วไป
LB1027 ส181ด ฉ.9 
  Barcode: 000136
ห้องสมุดวิทยาเขตสวรรค์ประชารักษ์
►หนังสือทั่วไป
บนชั้น

BibComment


ยังไม่เคยถูกคอมเมนท์

คอมเมนท์ทรัพยากรรายการนี้
  คอมเมนท์: Didactic Strategi..


 Copyright 2026. Bcnsprnw @Library